00294nam a2200121Ia 4500008004100000082001800041100001400059245003100073250000800104260003200112300001100144650001700155150201s2008 xx 000 0 und d a612.015bP08V aVOET&VOET aPRINCIPLES OF BIOCHEMISTRY a3RD bJOHNWILEY&SONSadelhic2008 a1-1099 aBIOCHEMISTRY